[Event "DM Kandidatklassen 2022"]
[Site "Svendborg"]
[Date "2022.04.15"]
[Round "4"]
[White "Haubro, Sigfred"]
[Black "Gjesme, Marius Enevold"]
[Result "1-0"]
[WhiteElo "2192"]
[BlackElo "2005"]
[PlyCount "97"]
[EventDate "2022.04.12"]
[EventType "swiss"]
[EventRounds "7"]
[EventCountry "DEN"]

1. Nf3 Nf6 2. b3 d5 3. Bb2 Bf5 4. e3 e6 5. Be2 h6 6. O-O Be7 7. d4 O-O 8. Nbd2
Nbd7 9. c4 c6 10. Rc1 a5 11. Ne5 Nxe5 12. dxe5 Nd7 13. Nf3 Qb8 14. cxd5 exd5
15. Qd4 f6 16. Qh4 Rf7 17. e6 Bxe6 18. Nd4 Nf8 19. Bh5 g6 20. Nxe6 gxh5 21. Nf4
Qd6 22. Qxh5 f5 23. Rfd1 Rd8 24. Bd4 Nh7 25. Bb6 Ra8 26. Ng6 Qf6 27. Qxh6 Ba3
28. Bd4 Qe6 29. Rc2 a4 30. Qh5 axb3 31. axb3 Bd6 32. f4 Ra3 33. Rf2 b5 34. Rf3
c5 35. Bb2 Rxb3 36. Be5 Bxe5 37. Nxe5 Rg7 38. Ra1 Rb2 39. Ra8+ Nf8 40. Rg3 Rb1+
41. Kf2 Rxg3 42. hxg3 Qf6 43. Ra6 Qg7 44. Qxf5 Rb2+ 45. Kf3 c4 46. Ra8 d4 47.
Nd7 Rf2+ 48. Kxf2 dxe3+ 49. Kf3 1-0

[Event "DM Kandidatklassen 2022"]
[Site "Svendborg"]
[Date "2022.04.15"]
[Round "4"]
[White "Thuesen, Mogens Henrik"]
[Black "Nielsen, Viktor Haarmark"]
[Result "1/2-1/2"]
[WhiteElo "2224"]
[BlackElo "2319"]
[PlyCount "124"]
[EventDate "2022.04.12"]
[EventType "swiss"]
[EventRounds "7"]
[EventCountry "DEN"]

1. e4 e5 2. Nf3 Nc6 3. Bb5 a6 4. Bxc6 dxc6 5. O-O f6 6. d4 Bg4 7. dxe5 Qxd1 8.
Rxd1 fxe5 9. Rd3 Bd6 10. Nbd2 Ke7 11. b3 Nf6 12. Bb2 Nd7 13. Nc4 Bxf3 14. Rxf3
Rhf8 15. Rxf8 Rxf8 16. Kf1 c5 17. Ke2 Ke6 18. f3 Nb8 19. a4 b6 20. Ne3 Nc6 21.
c3 Na5 22. Ra3 Rb8 23. c4 Nc6 24. Ra1 Nd4+ 25. Bxd4 cxd4 26. Nc2 b5 27. cxb5
axb5 28. a5 c5 29. Na3 Kd7 30. g3 Kc6 31. Nc2 c4 32. bxc4 bxc4 33. Kd1 Bc5 34.
f4 Rb2 35. a6 c3 36. Ne1 Ba7 37. fxe5 d3 38. Nxd3 Rd2+ 39. Kc1 Rxd3 40. Kc2
Rd2+ 41. Kxc3 Bd4+ 42. Kxd2 Bxa1 43. Kd3 Bxe5 44. a7 Kb7 45. Kc4 Kxa7 46. Kd5
Bb2 47. g4 h6 48. Ke6 Kb7 49. Kf5 Kc7 50. h4 Kd6 51. h5 Bf6 52. e5+ Bxe5 53. g5
Bc3 54. gxh6 gxh6 55. Kg4 Ke5 56. Kf3 Kf5 57. Kg3 Ke4 58. Kh3 Kf3 59. Kh2 Bd4
60. Kh1 Kf2 61. Kh2 Kf1 62. Kh1 Be5 1/2-1/2

[Event "DM Kandidatklassen 2022"]
[Site "Svendborg"]
[Date "2022.04.15"]
[Round "4"]
[White "Jacobsen, Mikkel Manosri"]
[Black "Nielsen, Philip"]
[Result "1-0"]
[WhiteElo "2255"]
[BlackElo "1968"]
[PlyCount "67"]
[EventDate "2022.04.12"]
[EventType "swiss"]
[EventRounds "7"]
[EventCountry "DEN"]

1. Nf3 d5 2. e3 Nf6 3. c4 e6 4. b3 c5 5. Bb2 Nc6 6. cxd5 exd5 7. Be2 Be7 8. O-O
O-O 9. d4 Bf5 10. dxc5 Bxc5 11. Nc3 Rc8 12. Rc1 Be7 13. Nd4 Bg6 14. Bf3 Ne5 15.
Be2 Nc6 16. Na4 Ne4 17. Bg4 Qd6 18. Bxc8 Rxc8 19. Nxc6 bxc6 20. Qd4 Nf6 21.
Qxa7 Ng4 22. g3 h5 23. Nb6 Rd8 24. Bd4 Bg5 25. f4 h4 26. Qb7 hxg3 27. hxg3 Qe6
28. Qxc6 Qe4 29. Nxd5 Nxe3 30. Nxe3 Qxd4 31. Qc5 Qxc5 32. Rxc5 Bf6 33. Rd5 Re8
34. Kf2 1-0

[Event "DM Kandidatklassen 2022"]
[Site "Svendborg"]
[Date "2022.04.15"]
[Round "4"]
[White "Rewitz, Poul"]
[Black "Nilssen, Ellen Fredericia"]
[Result "1/2-1/2"]
[WhiteElo "2279"]
[BlackElo "2113"]
[PlyCount "108"]
[EventDate "2022.04.12"]
[EventType "swiss"]
[EventRounds "7"]
[EventCountry "DEN"]

1. e4 e6 2. Nf3 d5 3. e5 Bd7 4. a3 a5 5. a4 c5 6. c3 Nc6 7. Bb5 Nge7 8. O-O Nf5
9. Re1 g5 10. g4 Nh4 11. Nxh4 gxh4 12. d4 Rg8 13. f4 cxd4 14. cxd4 Qb6 15. Be3
Rc8 16. h3 Bb4 17. Nc3 Ne7 18. Qd3 h5 19. g5 Nf5 20. Bxd7+ Kxd7 21. Nxd5 exd5
22. Qxf5+ Qe6 23. Qxe6+ Kxe6 24. Rec1 Kf5 25. Kf2 Ke4 26. Ke2 Rgf8 27. f5 Kxf5
28. Rf1+ Kg6 29. Rf6+ Kg7 30. Kd3 Rc6 31. Raf1 Be7 32. R6f2 Rb6 33. Rc1 Kg6 34.
Rc7 Bd8 35. Rc5 Rb3+ 36. Rc3 Rb6 37. Rc5 Rb3+ 38. Rc3 Rb6 39. Kc2 Be7 40. Bd2
Bb4 41. Rb3 Rc8+ 42. Kd3 Rc4 43. Bc3 Rbc6 44. Rf6+ Rxf6 45. gxf6 Kf5 46. Ke3
Kg5 47. Bxb4 axb4 48. Rd3 Kf5 49. Rd2 Rc1 50. Rf2+ Ke6 51. Rf4 Rc2 52. Rf2 Rc1
53. Kf4 Rd1 54. Ke3 Rc1 1/2-1/2

[Event "DM Kandidatklassen 2022"]
[Site "Svendborg"]
[Date "2022.04.15"]
[Round "4"]
[White "Iskos, Lukas"]
[Black "Ramsdal, Jens Albert"]
[Result "0-1"]
[WhiteElo "2052"]
[BlackElo "2278"]
[PlyCount "54"]
[EventDate "2022.04.12"]
[EventType "swiss"]
[EventRounds "7"]
[EventCountry "DEN"]

1. d4 c5 2. c3 d5 3. Nf3 Nf6 4. dxc5 e6 5. b4 b6 6. cxb6 Qxb6 7. e3 Nc6 8. a4
Bd6 9. a5 Qc7 10. Bb5 O-O 11. Bxc6 Qxc6 12. Nd4 Qb7 13. Ba3 e5 14. Nb3 Be6 15.
b5 Rfd8 16. Bxd6 Rxd6 17. Na3 Ne4 18. Rc1 Rc8 19. Qd3 Bf5 20. f3 Rg6 21. g4 Qe7
22. h4 Bxg4 23. fxe4 Qxa3 24. Qxd5 Be6 25. Qb7 Qxb3 26. Qxa7 Qxb5 27. Rd1 h5
0-1

[Event "DM Kandidatklassen 2022"]
[Site "Svendborg"]
[Date "2022.04.15"]
[Round "4"]
[White "Rendboe, John Filip"]
[Black "Jepsen, Thomas Tange"]
[Result "1/2-1/2"]
[WhiteElo "2199"]
[BlackElo "2072"]
[PlyCount "43"]
[EventDate "2022.04.12"]
[EventType "swiss"]
[EventRounds "7"]
[EventCountry "DEN"]

1. d4 d5 2. Nf3 Nf6 3. c4 c6 4. Nc3 a6 5. cxd5 cxd5 6. Bf4 Nc6 7. e3 e6 8. Bd3
Be7 9. Ne5 O-O 10. O-O Nxe5 11. dxe5 Nd7 12. Rc1 b5 13. Qg4 f5 14. exf6 Nxf6
15. Qe2 Bb7 16. Rfd1 Bd6 17. Bxd6 Qxd6 18. e4 Qe5 19. exd5 Qxe2 20. Bxe2 Nxd5
21. Nxd5 Bxd5 22. b3 1/2-1/2

[Event "DM Kandidatklassen 2022"]
[Site "Svendborg"]
[Date "2022.04.15"]
[Round "4"]
[White "Andries, Alf"]
[Black "Hoyer, Jacob K"]
[Result "1/2-1/2"]
[WhiteElo "2019"]
[BlackElo "2212"]
[PlyCount "112"]
[EventDate "2022.04.12"]
[EventType "swiss"]
[EventRounds "7"]
[EventCountry "DEN"]

1. e4 c5 2. c3 Nf6 3. e5 Nd5 4. d4 cxd4 5. Nf3 e6 6. cxd4 d6 7. Bc4 Nc6 8. O-O
Be7 9. Qe2 O-O 10. Nc3 Nxc3 11. bxc3 dxe5 12. dxe5 Qc7 13. Qe4 Rd8 14. Re1 b6
15. Ng5 g6 16. Qf4 Bxg5 17. Qxg5 Qe7 18. Bb5 Bb7 19. Bxc6 Qxg5 20. Bxg5 Bxc6
21. Bxd8 Rxd8 22. Red1 Rc8 23. c4 Kf8 24. a4 Be8 25. a5 Rxc4 26. axb6 axb6 27.
Ra8 Ke7 28. Ra7+ Kf8 29. Rb7 b5 30. Rb8 Ke7 31. h3 Rc7 32. Rd6 g5 33. f3 f6 34.
Rbb6 Bd7 35. exf6+ Kxf6 36. g4 Ke7 37. Rxd7+ Rxd7 38. Rxb5 Kf6 39. Kf2 Ra7 40.
Kg3 Ra3 41. Rb7 h6 42. Rh7 Kg6 43. Re7 Kf6 44. Rh7 Kg6 45. Rc7 Rb3 46. Rc2 h5
47. gxh5+ Kxh5 48. Re2 Rb6 49. Re5 Kg6 50. Re4 Kf5 51. Rg4 Rb1 52. Re4 Rg1+ 53.
Kf2 Rh1 54. Kg3 Rg1+ 55. Kf2 Rh1 56. Kg3 Rg1+ 1/2-1/2

[Event "DM Kandidatklassen 2022"]
[Site "Svendborg"]
[Date "2022.04.15"]
[Round "4"]
[White "Le Besq, Alexander"]
[Black "Meskenas, Paulius"]
[Result "0-1"]
[WhiteElo "2164"]
[BlackElo "2110"]
[PlyCount "140"]
[EventDate "2022.04.12"]
[EventType "swiss"]
[EventRounds "7"]
[EventCountry "DEN"]

1. d4 d5 2. Bf4 Nf6 3. Nc3 e6 4. e3 Bd6 5. Bg3 O-O 6. Nf3 b6 7. Nb5 Bxg3 8.
hxg3 Ba6 9. Ne5 Qe7 10. c3 c6 11. Na3 Bxf1 12. Kxf1 Rc8 13. g4 Ne4 14. Qe1 f6
15. Nd3 Nd7 16. f3 Nd6 17. Qh4 h6 18. Re1 c5 19. Nf4 Nf8 20. Qh2 Qd7 21. Re2 b5
22. Nd3 Nb7 23. Kf2 a5 24. dxc5 Nxc5 25. Rd1 b4 26. Nxc5 Rxc5 27. Nb1 e5 28.
Red2 Qc6 29. Qh1 Rd8 30. Qf1 Ne6 31. Qd3 d4 32. cxd4 exd4 33. e4 Kh8 34. g3 Nc7
35. Qb3 Nb5 36. a4 bxa3 37. Nxa3 Nxa3 38. Qxa3 Qb6 39. Ke2 Rb5 40. Rc1 d3+ 41.
Kf1 Qe3 42. Qc3 Qxf3+ 43. Kg1 Qxg3+ 44. Rg2 Qe3+ 45. Kh1 Qxe4 46. Re1 Qb4 47.
Qxb4 Rxb4 48. Rd1 Rdd4 49. Kh2 Rxg4 50. Rxg4 Rxg4 51. Rxd3 Rb4 52. b3 a4 53.
bxa4 Rxa4 54. Kg3 Kh7 55. Rb3 h5 56. Kh3 g5 57. Kg3 Kg6 58. Rc3 h4+ 59. Kh3 Kh5
60. Rb3 f5 61. Rb2 g4+ 62. Kh2 Rf4 63. Rb8 Rf2+ 64. Kg1 Ra2 65. Rb4 h3 66. Rb3
Kh4 67. Rb1 f4 68. Rf1 g3 69. Rb1 h2+ 70. Kh1 Kh3 0-1

[Event "DM Kandidatklassen 2022"]
[Site "Svendborg"]
[Date "2022.04.15"]
[Round "4"]
[White "Lofgren, Claes"]
[Black "Medhus, Vitus Bondo"]
[Result "0-1"]
[WhiteElo "2071"]
[BlackElo "2016"]
[PlyCount "68"]
[EventDate "2022.04.12"]
[EventType "swiss"]
[EventRounds "7"]
[EventCountry "DEN"]

1. d4 Nf6 2. c4 g6 3. g3 Bg7 4. Bg2 d5 5. cxd5 Nxd5 6. Nc3 Nxc3 7. bxc3 O-O 8.
e3 c6 9. Ne2 Be6 10. O-O Bc4 11. Re1 Qa5 12. Qc2 Nd7 13. a4 f5 14. Ba3 Rfe8 15.
Reb1 Qa6 16. Nc1 e5 17. h3 e4 18. Qb2 b5 19. axb5 cxb5 20. Nb3 Qf6 21. Bb4 h5
22. h4 g5 23. hxg5 Qxg5 24. Bd6 h4 25. Nd2 Bd3 26. Qb3+ Kh7 27. Rb2 Qg6 28. Bf4
Nf6 29. Ra6 hxg3 30. Bxg3 Bh6 31. Rba2 Re7 32. Re6 Rf7 33. Raa6 Rg8 34. Nf1 Bc4
0-1

[Event "DM Kandidatklassen 2022"]
[Site "Svendborg"]
[Date "2022.04.15"]
[Round "4"]
[White "Falkesgaard, Jeppe Hald"]
[Black "Christensen, Janus"]
[Result "0-1"]
[WhiteElo "2000"]
[BlackElo "2144"]
[PlyCount "64"]
[EventDate "2022.04.12"]
[EventType "swiss"]
[EventRounds "7"]
[EventCountry "DEN"]

1. d4 d5 2. c4 c6 3. Nc3 e5 4. dxe5 d4 5. Ne4 Qa5+ 6. Bd2 Qxe5 7. Ng3 c5 8. Nf3
Qc7 9. e3 Nc6 10. exd4 cxd4 11. Bd3 Nf6 12. O-O Be7 13. Re1 O-O 14. a3 a5 15.
h3 Bd6 16. Ne4 Nxe4 17. Bxe4 h6 18. Rc1 Rd8 19. c5 Bf8 20. b4 axb4 21. axb4 Be6
22. b5 Na5 23. b6 Qc8 24. c6 Nxc6 25. Ne5 Bd5 26. Bxd5 Rxd5 27. Qf3 Rxe5 28.
Rxe5 Nxe5 29. Qg3 Qf5 30. Bxh6 Ra3 31. f3 Rb3 32. Rc5 Nxf3+ 0-1

[Event "DM Kandidatklassen 2022"]
[Site "Svendborg"]
[Date "2022.04.15"]
[Round "4"]
[White "Nielsen, Morten Majlund"]
[Black "Koch Mueller, Oscar"]
[Result "0-1"]
[WhiteElo "2091"]
[BlackElo "2015"]
[PlyCount "46"]
[EventDate "2022.04.12"]
[EventType "swiss"]
[EventRounds "7"]
[EventCountry "DEN"]

1. e4 e6 2. d4 d5 3. Nd2 c5 4. exd5 exd5 5. Bb5+ Bd7 6. Qe2+ Be7 7. dxc5 Nf6 8.
Nb3 O-O 9. Bxd7 Nbxd7 10. Be3 Re8 11. Nf3 Ng4 12. O-O-O Nxc5 13. Nbd4 Bf6 14.
Kb1 Ne4 15. Rhf1 Nexf2 16. Rxf2 Rxe3 17. Qd2 Nxf2 18. Qxf2 Qe8 19. g4 Qe4 20.
Rf1 Kh8 21. Rd1 Re8 22. a4 Bxd4 23. Nxd4 Re1 0-1

[Event "DM Kandidatklassen 2022"]
[Site "Svendborg"]
[Date "2022.04.15"]
[Round "4"]
[White "Jarlskov, Daniel Tuk Hartso"]
[Black "Parra Becerra, Edgar Andre"]
[Result "1-0"]
[WhiteElo "1995"]
[BlackElo "2223"]
[PlyCount "83"]
[EventDate "2022.04.12"]
[EventType "swiss"]
[EventRounds "7"]
[EventCountry "DEN"]

1. c4 c5 2. g3 g6 3. Bg2 Bg7 4. Nc3 Nc6 5. e3 e5 6. Nge2 Nge7 7. O-O O-O 8. a3
a5 9. Nd5 d6 10. Nec3 Rb8 11. Rb1 Be6 12. Nb5 f5 13. d3 Bf7 14. Bd2 Qd7 15. Nb6
Qd8 16. Nd5 Qd7 17. e4 fxe4 18. dxe4 b6 19. Bc3 Nd4 20. Bxd4 exd4 21. Qd3 Nc6
22. f4 Kh8 23. Rbe1 Be6 24. b3 Ne7 25. h3 Nc6 26. Kh2 Bh6 27. Rf2 Bg7 28. a4
Bg8 29. Qf1 Qd8 30. Qe2 Qd7 31. Qd2 Bh6 32. Ref1 Be6 33. Qd1 Bg8 34. g4 Bg7 35.
g5 Be6 36. Qd3 Rf7 37. h4 Nb4 38. Nxb4 axb4 39. f5 Be5+ 40. Kh1 Rbf8 41. fxe6
Qxe6 42. Nc7 1-0

[Event "DM Kandidatklassen 2022"]
[Site "Svendborg"]
[Date "2022.04.15"]
[Round "4"]
[White "Steffensen, Elena"]
[Black "Wahlgreen, Noah Krug"]
[Result "1-0"]
[WhiteElo "2059"]
[BlackElo "2011"]
[PlyCount "49"]
[EventDate "2022.04.12"]
[EventType "swiss"]
[EventRounds "7"]
[EventCountry "DEN"]

1. e4 c6 2. Nc3 d5 3. Nf3 dxe4 4. Nxe4 Nf6 5. Nxf6+ exf6 6. Bc4 Qe7+ 7. Qe2
Qxe2+ 8. Bxe2 Bd6 9. O-O O-O 10. d4 Bf5 11. c3 Nd7 12. Nh4 Be6 13. Bd3 Nb6 14.
Nf5 Bc7 15. b3 Rad8 16. Ne3 Bd6 17. c4 Bc7 18. Bb2 Rfe8 19. Rad1 Re7 20. Rfe1
Rde8 21. Ba3 Rd7 22. d5 cxd5 23. cxd5 Bxd5 24. Nxd5 Red8 25. Nxc7 1-0

[Event "DM Kandidatklassen 2022"]
[Site "Svendborg"]
[Date "2022.04.16"]
[Round "5"]
[White "Haubro, Sigfred"]
[Black "Liu, Casper Yukun"]
[Result "0-1"]
[WhiteElo "2192"]
[BlackElo "2181"]
[PlyCount "68"]
[EventDate "2022.04.12"]
[EventType "swiss"]
[EventRounds "7"]
[EventCountry "DEN"]

1. Nf3 d5 2. b3 Bf5 3. Bb2 e6 4. e3 Nf6 5. Be2 h6 6. O-O Be7 7. c4 c6 8. d4 O-O
9. Nbd2 Nbd7 10. a3 a5 11. Rc1 Qb8 12. Re1 Bd6 13. g3 b5 14. c5 Bc7 15. Nh4 Bh7
16. f4 g5 17. Ng2 Ne4 18. Nxe4 Bxe4 19. Rf1 f5 20. Ne1 g4 21. Nd3 Qe8 22. h4
gxh3 23. Bh5 Qe7 24. Ne5 Bg2 25. Kh2 Bxe5 26. dxe5 Bxf1 27. Qxf1 Nxc5 28. g4
Nxb3 29. Rc3 Qh4 30. Qe2 fxg4 31. Bxg4 Kh8 32. Bxe6 Rg8 33. Bxh3 Qg3+ 34. Kh1
Qg1# 0-1

[Event "DM Kandidatklassen 2022"]
[Site "Svendborg"]
[Date "2022.04.16"]
[Round "5"]
[White "Kistrup, Nicolai"]
[Black "Kristensen, Peter"]
[Result "1-0"]
[WhiteElo "2302"]
[BlackElo "2095"]
[PlyCount "29"]
[EventDate "2022.04.12"]
[EventType "swiss"]
[EventRounds "7"]
[EventCountry "DEN"]

1. d4 Nf6 2. c4 e6 3. Nc3 Bb4 4. Qc2 O-O 5. e4 d5 6. e5 Ne4 7. Bd3 c5 8. Nf3
Nc6 9. O-O Bxc3 10. bxc3 f5 11. exf6 Nxf6 12. Ba3 b6 13. dxc5 Ng4 14. Qe2 Qc7
15. cxb6 1-0

[Event "DM Kandidatklassen 2022"]
[Site "Svendborg"]
[Date "2022.04.16"]
[Round "5"]
[White "Thogersen, Rasmus"]
[Black "Jacobsen, Mikkel Manosri"]
[Result "1-0"]
[WhiteElo "2333"]
[BlackElo "2255"]
[PlyCount "101"]
[EventDate "2022.04.12"]
[EventType "swiss"]
[EventRounds "7"]
[EventCountry "DEN"]

1. e4 e5 2. Nf3 Nc6 3. Bb5 a6 4. Ba4 Nf6 5. O-O Be7 6. Re1 b5 7. Bb3 d6 8. c3
O-O 9. h3 Na5 10. Bc2 c5 11. d4 Nd7 12. a4 Rb8 13. axb5 axb5 14. b3 exd4 15.
cxd4 Nc6 16. Nc3 Bf6 17. Be3 cxd4 18. Nxd4 Nxd4 19. Bxd4 Be5 20. Qd2 Qh4 21.
Nd5 Bxd4 22. Qxd4 Ne5 23. Re3 Be6 24. Rg3 Rfc8 25. Bd1 Bxd5 26. Qxd5 Qf6 27.
Ra6 Rd8 28. Rc3 Qe7 29. f4 b4 30. Rc1 Ng6 31. g3 Qe6 32. Qxe6 fxe6 33. Bg4 Nf8
34. Kf2 d5 35. e5 Rbc8 36. Rxc8 Rxc8 37. Bxe6+ Nxe6 38. Rxe6 Rc3 39. Rd6 Kf7
40. f5 Rxb3 41. Rd7+ Kf8 42. Rxd5 Rb1 43. Rd8+ Ke7 44. Rg8 Kf7 45. Rb8 b3 46.
e6+ Kf6 47. Rf8+ Ke7 48. Rf7+ Kd6 49. Rb7 b2 50. e7 Rh1 51. e8=Q 1-0

[Event "DM Kandidatklassen 2022"]
[Site "Svendborg"]
[Date "2022.04.16"]
[Round "5"]
[White "Meskenas, Paulius"]
[Black "Nielsen, Viktor Haarmark"]
[Result "0-1"]
[WhiteElo "2110"]
[BlackElo "2319"]
[PlyCount "69"]
[EventDate "2022.04.12"]
[EventType "swiss"]
[EventRounds "7"]
[EventCountry "DEN"]

1. e4 e5 2. Nf3 Nc6 3. d4 exd4 4. Nxd4 Bc5 5. Be3 Qf6 6. c3 Nge7 7. g3 h5 8.
Bg2 h4 9. O-O hxg3 10. fxg3 Qg6 11. Qe2 Ne5 12. Nf5 Bxe3+ 13. Nxe3 d6 14. Nd2
Be6 15. Nf5 N7c6 16. Nd4 Bd7 17. Nxc6 Bxc6 18. Rf4 Qh5 19. Nf3 g5 20. g4 Nxg4
21. Rf5 Nxh2 22. Re1 Bd7 23. Nxh2 Qxh2+ 24. Kf1 O-O-O 25. Rf6 Bh3 26. Qf3 g4
27. Bxh3 gxh3 28. Re2 Qe5 29. Rf5 Qe6 30. Kg1 h2+ 31. Rxh2 Rdg8+ 32. Rg2 Qxa2
33. Qe2 Qe6 34. b4 Qh6 35. Qf3 0-1

[Event "DM Kandidatklassen 2022"]
[Site "Svendborg"]
[Date "2022.04.16"]
[Round "5"]
[White "Medhus, Vitus Bondo"]
[Black "Ramsdal, Jens Albert"]
[Result "0-1"]
[WhiteElo "2016"]
[BlackElo "2278"]
[PlyCount "40"]
[EventDate "2022.04.12"]
[EventType "swiss"]
[EventRounds "7"]
[EventCountry "DEN"]

1. e4 c5 2. Nf3 Nc6 3. d4 cxd4 4. Nxd4 Nf6 5. Nc3 d6 6. f3 h5 7. Be3 e6 8. Be2
a6 9. a4 Bd7 10. O-O Rc8 11. Nxc6 Bxc6 12. b4 Bd7 13. Nb1 Qc7 14. c4 d5 15. c5
a5 16. Nd2 axb4 17. Nb3 dxe4 18. f4 Nd5 19. Bf2 e3 20. Be1 Bxc5 0-1

[Event "DM Kandidatklassen 2022"]
[Site "Svendborg"]
[Date "2022.04.16"]
[Round "5"]
[White "Gjesme, Marius Enevold"]
[Black "Thuesen, Mogens Henrik"]
[Result "0-1"]
[WhiteElo "2005"]
[BlackElo "2224"]
[PlyCount "56"]
[EventDate "2022.04.12"]
[EventType "swiss"]
[EventRounds "7"]
[EventCountry "DEN"]

1. e4 Nf6 2. e5 Nd5 3. d4 d6 4. c4 Nb6 5. exd6 exd6 6. Nc3 Be7 7. Be3 O-O 8. b3
Nc6 9. Rc1 Re8 10. Nge2 Bg5 11. Qd2 Bxe3 12. fxe3 Qf6 13. Rd1 Bg4 14. h3 Bh5
15. Rg1 Bg6 16. g4 Nb4 17. e4 Qh4+ 18. Rg3 Bxe4 19. Kf2 Bc2 20. Ra1 Bg6 21. Nf4
c5 22. Nxg6 hxg6 23. Bg2 cxd4 24. Nb5 Nd3+ 25. Qxd3 Re3 26. Qxd4 Qxg3+ 27. Kf1
Rae8 28. Qd2 Re2 0-1

[Event "DM Kandidatklassen 2022"]
[Site "Svendborg"]
[Date "2022.04.16"]
[Round "5"]
[White "Jepsen, Thomas Tange"]
[Black "Rewitz, Poul"]
[Result "1/2-1/2"]
[WhiteElo "2072"]
[BlackElo "2279"]
[PlyCount "101"]
[EventDate "2022.04.12"]
[EventType "swiss"]
[EventRounds "7"]
[EventCountry "DEN"]

1. d4 Nf6 2. c4 g6 3. Nc3 d5 4. Nf3 Bg7 5. Bf4 O-O 6. Rc1 Be6 7. c5 b6 8. b4 c6
9. e3 a5 10. b5 bxc5 11. dxc5 cxb5 12. Bxb5 a4 13. O-O Bg4 14. c6 Qb6 15. Qd4
Nfd7 16. Qxb6 Nxb6 17. Bc7 Bxc3 18. Rxc3 d4 19. Rc5 Nc8 20. Nxd4 Na6 21. Bxa6
Rxa6 22. f3 Be6 23. Nxe6 fxe6 24. Rb1 Nd6 25. Rc3 Raa8 26. Bxd6 exd6 27. Rb7
Rf7 28. Kf2 Rc8 29. Ke2 Rfc7 30. Rxc7 Rxc7 31. Kd3 Kf7 32. Kc2 Ke7 33. Kb2 Kd8
34. Ka3 Ra7 35. c7+ Kc8 36. Rc6 d5 37. f4 Rb7 38. g3 Rb1 39. Rxe6 Re1 40. Re5
Re2 41. h4 Kxc7 42. Kxa4 Rxa2+ 43. Kb5 Kd6 44. Kb4 Rc2 45. h5 gxh5 46. Rxh5
Rc4+ 47. Kb5 Rc5+ 48. Kb6 Rc6+ 49. Kb5 Rc5+ 50. Kb6 Rc6+ 51. Kb5 1/2-1/2

[Event "DM Kandidatklassen 2022"]
[Site "Svendborg"]
[Date "2022.04.16"]
[Round "5"]
[White "Nilssen, Ellen Fredericia"]
[Black "Rendboe, John Filip"]
[Result "1/2-1/2"]
[WhiteElo "2113"]
[BlackElo "2199"]
[PlyCount "67"]
[EventDate "2022.04.12"]
[EventType "swiss"]
[EventRounds "7"]
[EventCountry "DEN"]

1. d4 d5 2. c4 c6 3. Nf3 Nf6 4. Nc3 g6 5. cxd5 cxd5 6. Bf4 Bg7 7. e3 O-O 8. Bd3
Nc6 9. h3 a6 10. O-O b5 11. Rc1 Bb7 12. Ne5 Rc8 13. Nxc6 Rxc6 14. Qb3 Qb6 15.
Rc2 e6 16. Rfc1 Rfc8 17. Na4 Rxc2 18. Rxc2 Qa5 19. Nc5 Bc6 20. a3 Bf8 21. Qc3
Qxc3 22. Rxc3 a5 23. Rb3 b4 24. axb4 axb4 25. Rxb4 Nd7 26. Ba6 Ra8 27. Bb5 Nxc5
28. Bxc6 Ra1+ 29. Kh2 Nd3 30. Rb7 Nxf4 31. exf4 Ra8 32. b4 Bd6 33. b5 Rb8 34.
Rxb8+ 1/2-1/2

[Event "DM Kandidatklassen 2022"]
[Site "Svendborg"]
[Date "2022.04.16"]
[Round "5"]
[White "Nielsen, Philip"]
[Black "Hoyer, Jacob K"]
[Result "0-1"]
[WhiteElo "1968"]
[BlackElo "2212"]
[PlyCount "48"]
[EventDate "2022.04.12"]
[EventType "swiss"]
[EventRounds "7"]
[EventCountry "DEN"]

1. d4 Nf6 2. Bf4 g6 3. Nc3 d5 4. e3 Bg7 5. Nb5 Na6 6. Nc3 O-O 7. Bxa6 bxa6 8.
Nf3 c5 9. Be5 cxd4 10. Qxd4 Bb7 11. O-O-O Qa5 12. h4 h5 13. Ng5 Rfc8 14. b3 Rc5
15. Qa4 Qd8 16. Kb2 Rac8 17. Rd3 Ng4 18. Bxg7 Kxg7 19. Rf1 Qc7 20. f3 Ne5 21.
Qd4 Kg8 22. Rfd1 Nxd3+ 23. Rxd3 e5 24. Qb4 a5 0-1

[Event "DM Kandidatklassen 2022"]
[Site "Svendborg"]
[Date "2022.04.16"]
[Round "5"]
[White "Christensen, Janus"]
[Black "Andries, Alf"]
[Result "1-0"]
[WhiteElo "2144"]
[BlackElo "2019"]
[PlyCount "83"]
[EventDate "2022.04.12"]
[EventType "swiss"]
[EventRounds "7"]
[EventCountry "DEN"]

1. d4 Nf6 2. c4 e6 3. Nf3 c5 4. d5 exd5 5. cxd5 d6 6. Nc3 g6 7. Bg5 h6 8. Bh4
Bg7 9. e4 O-O 10. Bd3 Na6 11. O-O Nc7 12. a4 Rb8 13. Nd2 a6 14. f4 Qd7 15. a5
b5 16. axb6 Rxb6 17. Nc4 Rb4 18. Bxf6 Bxf6 19. e5 dxe5 20. fxe5 Bg7 21. d6 Ne6
22. Nd5 Rxc4 23. Nb6 Qc6 24. Nxc4 Nd4 25. Re1 Be6 26. Qa4 Qd5 27. Nb6 Nf3+ 28.
gxf3 Qxd3 29. Qe4 Qb3 30. Rxa6 Qxb2 31. Nd5 Bh3 32. Nf4 Bf5 33. Qe3 Re8 34. Qf2
Qc3 35. Nd5 Qd3 36. Ne7+ Kh7 37. Raa1 c4 38. Rad1 Qa3 39. Nxf5 gxf5 40. d7 Rg8
41. d8=Q Bf8+ 42. Kh1 1-0

[Event "DM Kandidatklassen 2022"]
[Site "Svendborg"]
[Date "2022.04.16"]
[Round "5"]
[White "Koch Mueller, Oscar"]
[Black "Lofgren, Claes"]
[Result "1-0"]
[WhiteElo "2015"]
[BlackElo "2071"]
[PlyCount "111"]
[EventDate "2022.04.12"]
[EventType "swiss"]
[EventRounds "7"]
[EventCountry "DEN"]

1. d4 Nf6 2. c4 e6 3. Nc3 Bb4 4. e3 O-O 5. Nge2 c5 6. a3 Bxc3+ 7. Nxc3 cxd4 8.
exd4 d5 9. c5 Ne4 10. Bd3 Nxc3 11. bxc3 e5 12. dxe5 Qc7 13. O-O Qxe5 14. Qf3
Nc6 15. Rb1 d4 16. Bb2 Be6 17. Rfe1 Qxc5 18. Qe4 Qh5 19. cxd4 Bd5 20. Qf4 Rfe8
21. Re3 Rxe3 22. fxe3 Re8 23. Bc3 Qh6 24. Qxh6 gxh6 25. Kf2 b6 26. g4 Re6 27.
Rb5 Be4 28. Bxe4 Rxe4 29. Kf3 Re8 30. e4 f6 31. Kf4 Kf7 32. a4 Nd8 33. Rd5 Ne6+
34. Kf5 Ng7+ 35. Kf4 Ne6+ 36. Ke3 Rc8 37. Bb4 Rc4 38. Rd7+ Kg6 39. Bd2 Rxa4 40.
h4 Ra3+ 41. Ke2 h5 42. gxh5+ Kxh5 43. Rd6 Nf8 44. Rxf6 Ng6 45. Rf5+ Kxh4 46. d5
Ra4 47. Kd3 Ra3+ 48. Kc4 Ra4+ 49. Kd3 Ra3+ 50. Ke2 Ra4 51. Kf3 Ra3+ 52. Be3 b5
53. e5 b4 54. d6 Rc3 55. d7 Rd3 56. d8=Q+ 1-0

[Event "DM Kandidatklassen 2022"]
[Site "Svendborg"]
[Date "2022.04.16"]
[Round "5"]
[White "Iskos, Lukas"]
[Black "Le Besq, Alexander"]
[Result "0-1"]
[WhiteElo "2052"]
[BlackElo "2164"]
[PlyCount "108"]
[EventDate "2022.04.12"]
[EventType "swiss"]
[EventRounds "7"]
[EventCountry "DEN"]

1. d4 c5 2. d5 e6 3. dxe6 fxe6 4. e4 Nc6 5. Nc3 a6 6. a4 b6 7. Nf3 Nge7 8. e5
Ng6 9. Ne4 Ngxe5 10. Nxe5 Nxe5 11. Qh5+ Nf7 12. Ng5 Qf6 13. Nxh7 Qf5 14. Qxf5
exf5 15. Nxf8 Kxf8 16. Bf4 Bb7 17. Bc7 Re8+ 18. Kd2 Rh6 19. Rd1 Rc6 20. Bg3 d5
21. Bd3 Rf6 22. Rhe1 f4 23. Rxe8+ Kxe8 24. Re1+ Kf8 25. Bh4 g5 26. Bxg5 Nxg5
27. h4 Ne4+ 28. Bxe4 dxe4 29. g4 fxg3 30. fxg3 Rf2+ 31. Re2 Rxe2+ 32. Kxe2 a5
33. b3 c4 34. bxc4 Bc6 35. Ke3 Kf7 36. g4 Kg6 37. c3 Bxa4 38. Kxe4 Bd7 39. Kd4
Bc6 40. c5 b5 41. Kd3 Kf6 42. g5+ Ke5 43. c4 b4 44. h5 Bf3 45. h6 Be4+ 46. Kd2
Bg6 47. Kc1 Ke6 48. Kb2 Kd7 49. Kb3 Kc6 50. Ka4 Bc2+ 51. Kxa5 b3 52. Kb4 b2 53.
Kc3 b1=Q 54. Kd4 Qg1+ 0-1

[Event "DM Kandidatklassen 2022"]
[Site "Svendborg"]
[Date "2022.04.16"]
[Round "5"]
[White "Jarlskov, Daniel Tuk Hartso"]
[Black "Steffensen, Elena"]
[Result "1-0"]
[WhiteElo "1995"]
[BlackElo "2059"]
[PlyCount "81"]
[EventDate "2022.04.12"]
[EventType "swiss"]
[EventRounds "7"]
[EventCountry "DEN"]

1. e4 g6 2. d4 Bg7 3. Nc3 d5 4. e5 f6 5. f4 Nh6 6. Nf3 O-O 7. h3 Nf5 8. Ne2 c5
9. c3 fxe5 10. Nxe5 cxd4 11. cxd4 Nc6 12. g4 Nd6 13. Qb3 e6 14. Be3 Na5 15. Qd3
Nac4 16. b3 Nxe3 17. Qxe3 Ne4 18. O-O-O a5 19. Bg2 a4 20. Bxe4 dxe4 21. b4 Qb6
22. Qc3 a3 23. Qb3 Qa6 24. b5 Qb6 25. Rhf1 Qc7+ 26. Kb1 Bxe5 27. dxe5 Bd7 28.
Rd6 Bxb5 29. Qxb5 Ra5 30. Qb3 Rxe5 31. Rxe6 Rxe6 32. Qxe6+ Kg7 33. Rd1 Rf7 34.
Qe5+ Qxe5 35. fxe5 Rf2 36. Rd7+ Kf8 37. Nc3 e3 38. Kc1 Rf1+ 39. Kc2 Rf2+ 40.
Kd1 Rh2 41. Rxh7 1-0